LEADER 01564nam0 2200313 i 450 001 SUN0075714 005 20151120101600.498 010 $a978-36-421-1338-3 100 $a20100614d2010 |0engc50 ba 101 $aeng 102 $aDE 105 $a|||| ||||| 200 1 $aNonlinear optimization$electures given at the C.I.M.E. Summer School held in Cetraro, Italy, July 1-7, 2007$fImmanuel M. Bomze ... [et al.]$gGianni Di Pillo, Fabio Schoen editors 210 $aBerlin$cSpringer$d2010 215 $aXII, 279 p.$d24 cm. 410 1$1001SUN0050834$12001 $aLecture notes in mathematics. Fondazione CIME. Firenze. - Berlin$eSpringer. - Dal 2011: C.I.M.E. Foundation Subseries. 461 1$1001SUN0102250$12001 $a*Lecture notes in mathematics$v1989$1210 $aBerlin [etc.]$cSpringer$d1964-$1215 $aDal 2011 i volumi sono disponibili in formato elettronico. 606 $a90Cxx$xMathematical programming [MSC 2020]$2MF$3SUNC020086 620 $dBerlin$3SUNL000066 702 1$aBomze$b, Immnuel M.$3SUNV065836 702 1$aDi Pillo$b, Gianni$3SUNV065837 702 1$aSchoen$b, Fabio$3SUNV065838 712 $aSpringer$3SUNV000178$4650 801 $aIT$bSOL$c20200921$gRICA 856 4 $u/sebina/repository/catalogazione/documenti/Bomze, Di Pillo - Nonlinear optimization.pdf$zContents 912 $aSUN0075714 950 $aUFFICIO DI BIBLIOTECA DEL DIPARTIMENTO DI MATEMATICA E FISICA$d08PREST 90-XX 0494 $e08 8850 I 20100614 996 $aNonlinear optimization$91420109 997 $aUNICAMPANIA LEADER 02357nam 2200553 450 001 9910797534703321 005 20170919050856.0 010 $a0-7391-8984-0 035 $a(CKB)3710000000473097 035 $a(EBL)4085734 035 $a(SSID)ssj0001545574 035 $a(PQKBManifestationID)16136197 035 $a(PQKBTitleCode)TC0001545574 035 $a(PQKBWorkID)14792506 035 $a(PQKB)11206205 035 $a(MiAaPQ)EBC4085734 035 $a(EXLCZ)993710000000473097 100 $a20150731h20152015 uy| 0 101 0 $aeng 135 $aur|n|---||||| 181 $ctxt 182 $cc 183 $acr 200 10$aAndrew Carnegie $ean economic biography /$fSamuel Bostaph 210 1$aLanham :$cLexington Books,$d[2015] 210 4$dİ2015 215 $a1 online resource (139 p.) 225 1 $aCapitalist thought: studies in philosophy, politics, and economics 300 $aDescription based upon print version of record. 311 $a0-7391-8983-2 320 $aIncludes bibliographical references and index. 327 $aContents; Preface; Introduction; 1 Entrepreneurial, Entrepreneurship, and Entrepreneurs; 2 Early Life in Scotland; 3 Youth in Western Pennsylvania; 4 On the Road to Wealth; 5 A Man of Steel; 6 Labor Relations; 7 Empire Builder; 8 Philanthropist; 9 A Summing Up; Bibliography; Index; About the Author 330 $aThis economic biography examines the rise of Andrew Carnegie from a poverty-stricken childhood to a position of international leadership, philanthropy, and peace advocacy. It presents a dynamic and entrepreneurial economic actor who built an industrial empire by shrewd calculation and innovations in products, technology, and industrial organization. 410 0$aCapitalist thought: studies in philosophy, politics, and economics. 606 $aIndustrialists$zUnited States$vBiography 606 $aPhilanthropists$zUnited States$vBiography 606 $aSteel industry and trade$zUnited States$xHistory 615 0$aIndustrialists 615 0$aPhilanthropists 615 0$aSteel industry and trade$xHistory. 676 $a338.092 700 $aBostaph$b Samuel$01480353 801 0$bMiAaPQ 801 1$bMiAaPQ 801 2$bMiAaPQ 906 $aBOOK 912 $a9910797534703321 996 $aAndrew Carnegie$93696954 997 $aUNINA